000 00689nam a2200217Ia 4500
003 GCL
008 140319s9999 xx 000 0 ara d
040 _aGCL /
_cGCL
082 0 4 _a658.5
_bم ا
100 1 _aعبدالرحمن توفيق
245 1 0 _aادارة الجودة الشاملة /
_cعبدالرحمن توفيق
700 1 _aمارش?, جون
700 1 _aعبدالفتاح السيد النعمانى
300 _a150 ص
490 _aسلسلة اصدارات بميك
_v0
650 0 4 _aجودة الانتاج
650 0 4 _aادارة الانتاج
650 0 4 _aضبط الانتاج
650 0 4 _aادارة الجودة الشاملة
942 _2ddc
_cBK
999 _c48334
_d48334